-
Jain, Madhulika and others
Entry Personal Name
Number of records used in: 2
001 - CONTROL NUMBER
003 - CONTROL NUMBER IDENTIFIER
005 - DATE AND TIME OF LATEST TRANSACTION
- control field:
20180206122405.0
008 - FIXED-LENGTH DATA ELEMENTS
- fixed length control field:
180206|| aca||aabn | a|a d
040 ## - CATALOGING SOURCE
- Original cataloging agency:
OSt
- Transcribing agency:
OSt
100 ## - HEADING--PERSONAL NAME
- Personal name:
Jain, Madhulika and others
670 ## - SOURCE DATA FOUND
- Source citation:
Work cat.: (OSt)140: Jain, Madhulika and others, "O"-Level Made Simple module-2: personal computer software (Vol-2), 2002